00751nam a2200181 i 450000100060000000300090000600500170001500700030003200800410003510000650007624501240014126000370026530000370030265000360033985200310037599900170040695201460042389681ES-MaACL20250729015732.0t|050112s1952 sp ||||1| spa d1 aLasso de la Vega Jiménez-Placer, Javier,d1892-199097047810aManual de biblioteconomía b: organización técnica y científica de las bibliotecas / cJavier Lasso de la Vega. aMadrid : bMayfe, c1952 (fMag) aXVI, 718 p., 1 lám. ; c23 cm.07aBiblioteconomía2embne910554 aES-MaACLjC-6191 bR.34740 c89681d89681 00102udc40708Biblioteca_profesional aATENEOMbATENEOMcSPALd2008-01-17l0oC-6191p1093661r2023-02-23 00:00:00w2023-02-23yMONOGRAFIA